000 00472nam a22001817a 4500
003 NUST - PNEC
005 20170116180910.0
008 150903b xxu||||| |||| 00| 0 eng d
020 _a0070585210
020 _a0070591695
040 _cLIBRARY
082 _a620.11 SMI
100 _96941
_a Smith, William F
245 _aPrinciples of materials science and engineering
_c William F,Smith
260 _cc 1986
650 _96943
_aMaterials
_xEE/ME
942 _2ddc
_cBK
999 _c65224
_d65224